000 01159cam a2200325 a 4500
001 1455
005 20250723094452.0
020 _a0439316480
040 _aDLC
_cDLC
_dDLC
_beng
050 0 0 _aPZ7.O81167
_bTw 2001
082 0 0 _aFic
_221
100 1 _aOsborne, Mary Pope.
245 1 0 _aTwister on Tuesday /
_cby Mary Pope Osborne ; illustrated by Sal Murdocca.
260 _aNew York :
_bScholastic,
_c2001.
300 _a70 pages :
_billustrations ;
_c20 cm.
490 _aMagic Tree House
_vBook 23
500 _a"A Stepping stone book."
505 _aN
520 _aWhen Jack and Annie travel back to the Kansas prairie in search of "something to learn," they gain an understanding of how hard life was for pioneers and they experience the terror of a tornado.
521 _a570
_bLexile
521 _aN
_bRaz-Plus
650 1 _aTime travel
_vFiction.
650 1 _aFrontier and pioneer life
_zKansas
_vFiction.
650 1 _aTornadoes
_vFiction.
650 1 _aMagic
_vFiction.
650 1 _aTree houses
_vFiction.
700 1 _aMurdocca, Sal
_eillustator
906 _a7
_bcbc
_corignew
_d1
_eocip
_f19
_gy-gencatlg
942 _2ddc
_cBK
_n0
999 _c1455
_d1455